• 首页
  • 本馆介绍
  • 公告通知
  • 最新文献
  • 馆藏检索
  • 电子资源
  • 读者导购
  • 参考咨询
  • 我的图书馆
  • 登录
  • 详细信息显示
  • 放入我的书架
  • 预约/预借图书
  • 作者相关作品
  • 分类相关作品
  • 丛书相关作品
  • 出版社相关作品

书目信息

  • 表格格式
  • 工作单格式
  • 卡片格式
题名:
降钙素基因相关肽对运动心脏重塑和保护作用机制的研究
    
 
作者: 潘孝贵 著
分册:  
出版信息: 北京   北京体育大学出版社  2010
页数: 12,154页
开本: 24cm
丛书名: 中国体育博士文丛
单 册:
中图分类: G804.21
科图分类:
主题词: 降钙素基因--作用--运动员--心脏--运动生理--生理学 , 降钙素基因 , 运动员 , 心脏 , 运动生理 , 生理学
电子资源:
ISBN: 978-7-5644-0309-6
000 01204oam2 2200313 45
001 1130720327
005 20110310092813.26
010    @a978-7-5644-0309-6@dCNY33.00
100    @a20110122d2010 kemy0chiy50 ea
101 0  @achi@deng
102    @aCN@b110000
105    @aa z 000yy
106    @ar
200 1  @a降钙素基因相关肽对运动心脏重塑和保护作用机制的研究@AJiang Gai Su Ji Yin Xiang Guan Tai Dui Yun Dong Xin Zang Zhong Su He Bao Hu Zuo Yong Ji Zhi De Yan Jiu@f潘孝贵著@FPan Xiao Gui Zhu
210    @a北京@c北京体育大学出版社@d2010
215    @a12,154页@c照片,图@d24cm
225 2  @a中国体育博士文丛
330    @a本书由三个部分组成:第一部分是运动心脏动物模型的建立及形态机能特征,为后续的实验提供研究基础;第二部分为运动心脏重塑后CGRP的变化,主要探讨运动对CGRP的调控机制;第三部分为耐力训练诱导的心脏保护作用机制的研究。
461  0 @12001 @a中国体育博士文丛
606 0  @a降钙素基因@x作用@x运动员@x心脏@x运动生理@x生理学
606 0  @a降钙素基因
606 0  @a运动员
606 0  @a心脏
606 0  @a运动生理
606 0  @a生理学
690    @aG804.21@v4
701  0 @a潘孝贵@APan Xiao Gui@f(1969~)@4著
801  0 @aCN@bTANGWEI@c20110310
905    @b0531675-79@dG804.21@e436@f5
    
    降钙素基因相关肽对运动心脏重塑和保护作用机制的研究/潘孝贵著.-北京:北京体育大学出版社,2010
    12,154页:照片,图;24cm.-(中国体育博士文丛)
    
    
    ISBN 978-7-5644-0309-6:CNY33.00
    本书由三个部分组成:第一部分是运动心脏动物模型的建立及形态机能特征,为后续的实验提供研究基础;第二部分为运动心脏重塑后CGRP的变化,主要探讨运动对CGRP的调控机制;第三部分为耐力训练诱导的心脏保护作用机制的研究。
●
相关链接 在E读中查询图书 在五车中查询图书 在当当中查询图书 在豆瓣中查询图书


正题名:降钙素基因相关肽对运动心脏重塑和保护作用机制的研究     索取号:G804.21/436         预约/预借

序号 登录号 条形码 馆藏地/架位号 状态 备注
1 0531675   205316754   第一样本阅览室/ [索取号:G804.21/436] 在馆    
2 0531676   205316763   密集书库-体育系/ [索取号:G804.21/436] 在馆    
3 0531677   205316772   第四借阅区/ [索取号:G804.21/436] 在馆    
4 0531678   205316781   第四借阅区/ [索取号:G804.21/436] 在馆    
5 0531679   205316790   第四借阅区/ [索取号:G804.21/436] 在馆    
唐山师范学院图书馆 欢迎您!
大连网信软件有限公司© 版权所有